Statistics for Top 10 Types of Horses in the U.S.

Click here to take the quiz!

General Stats

  • This quiz has been taken 43 times
  • The average score is 4 of 10

Answer Stats

#Answer% Correct
2Quarter Horse
72%
5Thoroughbred
72%
1Arabian
62%
3Paint
59%
6Appaloosa
54%
7Morgan
38%
8Tennessee Walking
21%
4Miniature
13%
9Welsh
10%
10Andalusian
3%

Score Distribution

Percentile by Number Answered

Percent of People with Each Score

Your Score History

You have not taken this quiz